Analisis y valoracion de realizaciones musicales en la liturgia (Record n. 64574)

Dettagli MARC
000 -LEADER
fixed length control field 01050nam a2200301Ia 4500
001 - CONTROL NUMBER
control field 93434
003 - CONTROL NUMBER IDENTIFIER
control field IT-RoPAU
008 - FIXED-LENGTH DATA ELEMENTS--GENERAL INFORMATION
fixed length control field 130308s9999 xx 000 0 und d
040 ## - CATALOGING SOURCE
Original cataloging agency IT-RoPAU
040 ## - CATALOGING SOURCE
Transcribing agency IT-RoPAU
041 ## - LANGUAGE CODE
Language code of text/sound track or separate title SPAGNOLO
999 ## - SYSTEM CONTROL NUMBERS (KOHA)
Koha Dewey Subclass [OBSOLETE] SI
100 ## - MAIN ENTRY--PERSONAL NAME
Personal name Palazon Francisco
100 ## - MAIN ENTRY--PERSONAL NAME
Miscellaneous information Codice Aut. SPICS: 11053
245 ## - TITLE STATEMENT
Title Analisis y valoracion de realizaciones musicales en la liturgia
245 ## - TITLE STATEMENT
Remainder of title Comunicaciones Fe Y Cultura-Jornadas nacionales de pastoral de los medios de comunicacion Social
250 ## - EDITION STATEMENT
Edition statement 1a ed.
260 ## - PUBLICATION, DISTRIBUTION, ETC. (IMPRINT)
Place of publication, distribution, etc. MADRID
260 ## - PUBLICATION, DISTRIBUTION, ETC. (IMPRINT)
Name of publisher, distributor, etc. Ediciones Paulinas
260 ## - PUBLICATION, DISTRIBUTION, ETC. (IMPRINT)
Date of publication, distribution, etc. 1984 [1° Ed.:1984 - Ed.Ling.Originale:1984]
300 ## - PHYSICAL DESCRIPTION
Extent "19 p. (prefazione: no ; testo: 19 [pagine: 61-79])"
500 ## - GENERAL NOTE
General note Analisi e valorizzazione delle realizzazioni Musicali nella Liturgia Musica sacra Musica e Liturgia riforma Liturgica in Spagna mezzi Elettronici nella Liturgia
650 ## - SUBJECT ADDED ENTRY--TOPICAL TERM
Topical term or geographic name as entry element CONVEGNI/MANIFESTAZIONI PASTORALE D.CS
650 ## - SUBJECT ADDED ENTRY--TOPICAL TERM
Relator term Codice materia Spics: 9315
942 ## - ADDED ENTRY ELEMENTS (KOHA)
Koha item type LIBRO
957 ## -
-- 1
999 ## - SYSTEM CONTROL NUMBERS (KOHA)
-- 1
Dati di copia
Withdrawn status Lost status Damaged status Not for loan Home library Current library Date acquired Total Checkouts Full call number Date last seen Price effective from Koha item type Public note
    Buone Condizioni Not For Loan SPICS-MEDIATECA SPICS-MEDIATECA 08/03/2013   93434 08/03/2013 08/03/2013 LIBRO Progressivo inserimento: 59870 / N. Volumi: 0 [=Contributo] Copie: 1 Copia Rara: SI / data import: 1 marzo 2013 - By Epidotti, Trombetti, Vaglietti.
CREDITS: SOCIETA' SAN PAOLO Via A.Severo, 58 - ROMA (RM) & PERIODICI SAN PAOLO SRL Via Giotto, 36 MILANO & CISF Via Giotto, 36 MILANO & EDIZIONI SAN PAOLO SRL,  Piazza Soncino, 5 CINISELLO BALSAMO (MI) -- ITALY